Manažment nežiaducich účinkov cielenej biologickej liečby z pohľadu sestry

Bibliographic Details
Main Authors: Fajer, Róbert (Author), Zvarová, Ingrid (Author)
Format: Article
Language:Slovak
PhysicalDescription:Fotografie, tabuľky
ISSN:1335-9444
Subjects:

MARC

LEADER 00000nab a2200000 4500
001 vtls012156114
003 SK-MaSNL
005 20260304215233.0
008 221207|2018 xo |||| ||an ||00 0|slo
015 |a SNBRB2022/12 
040 |a SPKCL  |b slo  |e rda 
041 |a slo  |b slo 
044 |a xo  |c SK 
072 7 |a 616  |x Patológia. Klinická medicína  |2 konspekt 
080 |a 616-006  |2 2011 
100 1 |a Fajer, Róbert  |4 aut  |9 1549754 
245 1 0 |a Manažment nežiaducich účinkov cielenej biologickej liečby z pohľadu sestry  |c Róbert Fajer, Ingrid Zvarová 
300 |b Fotografie, tabuľky 
336 |a text  |b txt  |2 rdacontent 
337 |a bez média  |b n  |2 rdamedia 
338 |a zväzok  |b nc  |2 rdacarrier 
504 |a Obsahuje bibliografiu 
546 |a Slovenské resumé 
650 0 7 |a terapia  |2 SNKPH  |9 781 
650 0 7 |a onkologickí pacienti  |2 SNKPH  |9 78306 
650 0 7 |a zdravotné sestry  |2 SNKPH  |9 70278 
650 0 7 |a názory a postoje  |2 SNKPH  |9 4303 
700 1 |a Zvarová, Ingrid  |4 aut  |9 1549755 
773 0 |t Sestra  |g Roč. XVII, č. 1-2 (2018)  |x 1335-9444 
773 0 8 |t Odborná príloha 161 Ošetrovateľská starostlivosť v onkológii  |g Roč. XVIII (2018), s. 31-33 
958 |a NB 
999 |c 3145437  |d 3147367